[Event "GM"]
[Site "?"]
[Date "2017.08.18"]
[Round "9.1"]
[White "Domogaev 2400, Sergey"]
[Black "Camarena Gimenez 2363, Rufino"]
[Result "1/2-1/2"]
[WhiteElo "2400"]
[BlackElo "2363"]
[PlyCount "37"]
[EventDate "2017.??.??"]

1. d4 d5 2. c4 dxc4 3. e3 e5 4. Bxc4 Nc6 5. d5 Na5 6. Be2 c6 7. Nc3 Nf6 8. e4
Bb4 9. Bd2 O-O 10. Qa4 Qb6 11. Be3 Bxc3+ 12. bxc3 Qb2 13. Rd1 b6 14. Bc1 Qxc3+
15. Bd2 Qb2 16. Bc1 Qc3+ 17. Bd2 Qb2 18. Bc1 Qc3+ 19. Bd2 1/2-1/2

[Event "GM"]
[Site "?"]
[Date "2017.08.18"]
[Round "9.2"]
[White "Rosner 2405, Jonas"]
[Black "Cernousek 2447, Lukas"]
[Result "0-1"]
[WhiteElo "2405"]
[BlackElo "2447"]
[PlyCount "82"]
[EventDate "2017.??.??"]

1. e4 c6 2. d4 d5 3. Nd2 dxe4 4. Nxe4 Bf5 5. Ng3 Bg6 6. h4 h6 7. Nf3 Nd7 8. h5
Bh7 9. Bd3 Bxd3 10. Qxd3 e6 11. Bd2 Ngf6 12. O-O-O Be7 13. Kb1 O-O 14. Ne4 c5
15. g4 Nxg4 16. Qe2 Qb6 17. Ne5 Ndxe5 18. dxe5 f5 19. exf6 Nxf6 20. Nc3 Rf7 21.
Rhg1 Kh8 22. Rg6 Qa6 23. Qe3 Qc6 24. Rdg1 Raf8 25. Qg3 Bd6 26. Qh3 Be5 27. f4
Bd4 28. Re1 Qd7 29. Bc1 e5 30. Qh1 Bxc3 31. bxc3 Nd5 32. Rxe5 Nxc3+ 33. Kb2 Qd4
34. a3 Rxf4 35. Bxf4 Na4+ 36. Kb3 Qc3+ 37. Kxa4 Rxf4+ 38. Re4 Qxc2+ 39. Kb5
Rxe4 40. Qf1 Qb2+ 41. Kxc5 Qe5# 0-1

[Event "GM"]
[Site "?"]
[Date "2017.08.18"]
[Round "9.3"]
[White "Torma 2492, Robert"]
[Black "Neuman 2457, Petr"]
[Result "1/2-1/2"]
[WhiteElo "2492"]
[BlackElo "2457"]
[PlyCount "76"]
[EventDate "2017.??.??"]

1. d4 Nf6 2. c4 g6 3. Nc3 Bg7 4. e4 d6 5. Nf3 O-O 6. Be2 e5 7. Be3 Na6 8. O-O
Qe8 9. dxe5 Ng4 10. Bg5 dxe5 11. Qc1 h6 12. Bd2 Kh7 13. Rb1 f5 14. b4 c6 15.
Bd3 Nf6 16. Qc2 f4 17. Na4 Bg4 18. Ne1 f3 19. gxf3 Bh3 20. Ng2 Nh5 21. Rfe1
Bxg2 22. Kxg2 Nc7 23. Nc3 Ne6 24. Ne2 Rd8 25. c5 Qf7 26. f4 Nhxf4+ 27. Bxf4
Nxf4+ 28. Nxf4 Qxf4 29. Qe2 a6 30. Red1 Rd4 31. Bc2 Rfd8 32. Qf3 Rd2 33. Rxd2
Rxd2 34. Bb3 Bf6 35. Qxf4 exf4 36. Rd1 Rxd1 37. Bxd1 Bc3 38. Bg4 Bxb4 1/2-1/2

[Event "GM"]
[Site "?"]
[Date "2017.08.18"]
[Round "9.4"]
[White "Vokac 2416, Marek"]
[Black "Pulpan 2390, Jakub"]
[Result "1/2-1/2"]
[WhiteElo "2416"]
[BlackElo "2390"]
[PlyCount "26"]
[EventDate "2017.??.??"]

1. Nf3 Nf6 2. c4 b6 3. g3 c5 4. Bg2 Bb7 5. O-O g6 6. Nc3 Bg7 7. Re1 d5 8. cxd5
Nxd5 9. Qa4+ Qd7 10. Qxd7+ Nxd7 11. Ng5 N7f6 12. a3 h6 13. Nf3 O-O 1/2-1/2

[Event "GM"]
[Site "?"]
[Date "2017.08.18"]
[Round "9.5"]
[White "Koksal 2360, Ege"]
[Black "Biolek-Jun. 2444, Richard"]
[Result "0-1"]
[WhiteElo "2360"]
[BlackElo "2444"]
[PlyCount "62"]
[EventDate "2017.??.??"]

1. d4 d5 2. c4 Nc6 3. Nc3 Nf6 4. cxd5 Nxd5 5. e4 Nxc3 6. bxc3 e5 7. Nf3 exd4 8.
cxd4 Bb4+ 9. Bd2 Qe7 10. e5 Bg4 11. Be2 Bxf3 12. Bxf3 Nxd4 13. O-O Nxf3+ 14.
gxf3 O-O-O 15. Bxb4 Qg5+ 16. Kh1 Rxd1 17. Raxd1 Qf4 18. a3 Qxf3+ 19. Kg1 Re8
20. Rd4 Rxe5 21. Rfd1 Rg5+ 22. Kf1 Qh3+ 23. Ke2 Re5+ 24. Kd2 c5 25. Rc4 b6 26.
Kc2 Re2+ 27. Bd2 Qxa3 28. Rc3 Qa4+ 29. Kc1 Rxf2 30. h3 Re2 31. Rf3 b5 0-1

[Event "GM"]
[Site "?"]
[Date "2017.08.18"]
[Round "9.6"]
[White "Yagupov 2395, Igor"]
[Black "Saiyn 2381, Zhanat"]
[Result "1-0"]
[WhiteElo "2395"]
[BlackElo "2381"]
[PlyCount "147"]
[EventDate "2017.??.??"]

1. e4 g6 2. d4 d6 3. Nc3 Bg7 4. Be3 a6 5. Qd2 b5 6. h4 h6 7. f3 Nc6 8. a4 b4 9.
Na2 a5 10. Bb5 Bd7 11. Nc1 Na7 12. Bxd7+ Qxd7 13. Nd3 Nc8 14. Ne2 Nb6 15. b3 c5
16. Rd1 c4 17. Nf2 d5 18. h5 g5 19. e5 f5 20. exf6 exf6 21. f4 g4 22. f5 Qxf5
23. Rh4 c3 24. Qc1 O-O-O 25. Rxg4 Qd7 26. Kf1 Rh7 27. Re1 Ne7 28. Qd1 f5 29.
Rg3 Bf6 30. Qd3 Kb7 31. Bf4 Bh4 32. Re3 Ng8 33. Ng3 Bxg3 34. Bxg3 Nf6 35. Bh4
Rf8 36. Bxf6 Rxf6 37. Qe2 f4 38. Re6 Rxe6 39. Qxe6 Qg7 40. Re5 Qg3 41. Qg4 Rg7
42. Qxg3 fxg3 43. Nd3 Rg4 44. Re7+ Kc8 45. Re6 Kc7 46. Rxh6 Rxd4 47. Ke2 Nc4
48. Re6 Na3 49. h6 Rh4 50. Ne1 Kd7 51. Ra6 d4 52. h7 Re4+ 53. Kd3 Re8 54. Rxa5
Kd6 55. Rh5 Rh8 56. Kxd4 Ke7 57. Kc5 Kf7 58. Kxb4 Kg6 59. Rh3 Nb1 60. Rxg3+ Kf5
61. Rh3 Nd2 62. Kxc3 Ne4+ 63. Kb2 Ng5 64. Rh6 Nf7 65. Rh1 Kg6 66. Nd3 Re8 67.
a5 Kg7 68. b4 Kh8 69. Kb3 Nd6 70. Nf4 Re3+ 71. c3 Rg3 72. Rh6 Nf7 73. Ng6+ Kg7
74. h8=Q+ 1-0

[Event "GM"]
[Site "?"]
[Date "2017.08.18"]
[Round "10.1"]
[White "Camarena Gimenez 2363, Rufino"]
[Black "Saiyn 2381, Zhanat"]
[Result "1/2-1/2"]
[WhiteElo "2363"]
[BlackElo "2381"]
[PlyCount "88"]
[EventDate "2017.??.??"]

1. d4 a6 2. e4 d6 3. a4 g6 4. Nc3 Bg7 5. Nf3 Nf6 6. Be2 O-O 7. O-O Nc6 8. d5
Nb8 9. h3 a5 10. Be3 Na6 11. Re1 e5 12. dxe6 Bxe6 13. Ng5 Nb4 14. Nxe6 fxe6 15.
Bf3 Nd7 16. g3 c6 17. Bg4 Qe7 18. Kg2 Ne5 19. Be2 d5 20. Qc1 Nf7 21. Na2 Nxa2
22. Rxa2 Nd6 23. exd5 exd5 24. Bd3 Rae8 25. c3 Qf7 26. Bf4 Ne4 27. Bxe4 dxe4
28. Ra1 Be5 29. Be3 Qf3+ 30. Kh2 h5 31. Qd1 h4 32. Qxf3 Rxf3 33. Kg2 hxg3 34.
Bc5 Bc7 35. Rxe4 Rxf2+ 36. Bxf2 Rxe4 37. Bxg3 Bxg3 38. Kxg3 Re3+ 39. Kg4 Re2
40. Rb1 c5 41. Kg5 Kg7 42. b4 cxb4 43. cxb4 b6 44. bxa5 Re5+ 1/2-1/2

[Event "GM"]
[Site "?"]
[Date "2017.08.18"]
[Round "10.2"]
[White "Biolek-Jun. 2444, Richard"]
[Black "Yagupov 2395, Igor"]
[Result "1-0"]
[WhiteElo "2444"]
[BlackElo "2395"]
[PlyCount "59"]
[EventDate "2017.??.??"]

1. e4 c5 2. Nf3 Nc6 3. d4 cxd4 4. Nxd4 Nf6 5. Nc3 e5 6. Ndb5 d6 7. Bg5 a6 8.
Na3 b5 9. Bxf6 gxf6 10. Nd5 f5 11. Bd3 Be6 12. c3 Bg7 13. Nxb5 axb5 14. Bxb5
Bd7 15. exf5 Kf8 16. O-O h5 17. a4 Rc8 18. Qf3 Bf6 19. Rfd1 Nb8 20. Bxd7 Nxd7
21. a5 Kg7 22. b4 Bg5 23. a6 Nb6 24. f6+ Bxf6 25. Nxf6 Rxc3 26. Nxh5+ Rxh5 27.
Qxc3 d5 28. a7 d4 29. Qf3 Rh8 30. Ra6 1-0

[Event "GM"]
[Site "?"]
[Date "2017.08.18"]
[Round "10.3"]
[White "Pulpan 2390, Jakub"]
[Black "Koksal 2360, Ege"]
[Result "1/2-1/2"]
[WhiteElo "2390"]
[BlackElo "2360"]
[PlyCount "89"]
[EventDate "2017.??.??"]

1. e4 e5 2. Nf3 Nc6 3. Bc4 Bc5 4. c3 Nf6 5. d3 O-O 6. O-O d6 7. a4 a6 8. Nbd2
h6 9. Re1 Re8 10. Nf1 Ba7 11. h3 Be6 12. Bb3 d5 13. Bc2 dxe4 14. dxe4 Qxd1 15.
Rxd1 Red8 16. Be3 Bxe3 17. Nxe3 Kf8 18. b4 Rxd1+ 19. Rxd1 Nd7 20. a5 Ne7 21.
Bb3 Ke8 22. Bxe6 fxe6 23. Nc4 Nc6 24. Kf1 Rd8 25. Ke2 Nf6 26. Nfd2 Ke7 27. Rb1
Rb8 28. b5 axb5 29. Rxb5 Nd7 30. Nf3 Na7 31. Rb1 Nc6 32. h4 b5 33. axb6 cxb6
34. Ra1 Rc8 35. Rb1 Rb8 36. g4 b5 37. Na3 b4 38. cxb4 Rxb4 39. Rxb4 Nxb4 40.
Nc4 Nc6 41. Ke3 Kf6 42. Ne1 Nb4 43. Kd2 Nc6 44. Nf3 Nc5 45. Ke3 1/2-1/2

[Event "GM"]
[Site "?"]
[Date "2017.08.18"]
[Round "10.4"]
[White "Neuman 2457, Petr"]
[Black "Vokac 2416, Marek"]
[Result "1-0"]
[WhiteElo "2457"]
[BlackElo "2416"]
[PlyCount "85"]
[EventDate "2017.??.??"]

1. d4 g6 2. c4 Bg7 3. e4 d6 4. Nc3 Nf6 5. Nf3 O-O 6. Be2 e5 7. Be3 Ng4 8. Bg5
f6 9. Bc1 Nc6 10. d5 Ne7 11. h3 Nh6 12. h4 Nf7 13. h5 c6 14. g3 cxd5 15. cxd5
a6 16. hxg6 hxg6 17. a4 Bd7 18. a5 b5 19. axb6 Qxb6 20. Nd2 Rfb8 21. Nc4 Qd8
22. Na5 Rb4 23. Bc4 Bb5 24. b3 Bd7 25. Bd2 Rbb8 26. g4 Qf8 27. f3 Re8 28. Qe2
Ng5 29. Kd1 Nc8 30. Be3 Kf7 31. Kc2 Ne7 32. Nb7 Ng8 33. f4 exf4 34. Bxf4 Re5
35. Bxe5 dxe5 36. d6+ Be6 37. d7 Ke7 38. Qd2 Bxc4 39. Qd6+ Kf7 40. d8=N+ Rxd8
41. Nxd8+ Ke8 42. Qc6+ Ke7 43. Rhd1 1-0

[Event "GM"]
[Site "?"]
[Date "2017.08.18"]
[Round "10.5"]
[White "Cernousek 2447, Lukas"]
[Black "Torma 2492, Robert"]
[Result "0-1"]
[WhiteElo "2447"]
[BlackElo "2492"]
[PlyCount "40"]
[EventDate "2017.??.??"]

1. d4 f5 2. c4 Nf6 3. Nc3 d6 4. Bg5 Nbd7 5. Qc2 g6 6. O-O-O Bg7 7. h4 O-O 8.
Nh3 e5 9. dxe5 Nxe5 10. c5 Qe8 11. cxd6 cxd6 12. e3 Ne4 13. Bb5 Qf7 14. Nxe4
fxe4 15. Kb1 Be6 16. Ka1 Bc4 17. Ba4 Nd3 18. Qxc4 Qxc4 19. Bb3 d5 20. Bxc4 dxc4
0-1

[Event "GM"]
[Site "?"]
[Date "2017.08.18"]
[Round "10.6"]
[White "Domogaev 2400, Sergey"]
[Black "Rosner 2405, Jonas"]
[Result "0-1"]
[WhiteElo "2400"]
[BlackElo "2405"]
[PlyCount "50"]
[EventDate "2017.??.??"]

1. d4 d5 2. c4 e6 3. Nc3 Bb4 4. e3 Nf6 5. Bd3 e5 6. dxe5 dxc4 7. Qa4+ Nc6 8.
Bxc4 Ne4 9. Nge2 Nc5 10. Qc2 Nxe5 11. O-O Nxc4 12. Rd1 Nd6 13. e4 Bxc3 14. Nxc3
f6 15. Nd5 Na6 16. Bf4 O-O 17. b4 Be6 18. b5 Bxd5 19. Bxd6 cxd6 20. bxa6 Bc6
21. Rab1 Rf7 22. Rb4 Qa5 23. axb7 Qxb4 24. bxa8=Q+ Bxa8 25. Rb1 Qxe4 0-1

[Event "IM1"]
[Site "?"]
[Date "2017.08.18"]
[Round "8.1"]
[White "Mukashev 2199, Assan"]
[Black "Hoefelsauer 2357, Thomas"]
[Result "0-1"]
[WhiteElo "2199"]
[BlackElo "2357"]
[PlyCount "82"]
[EventDate "2017.??.??"]

1. d4 Nf6 2. Nf3 c5 3. g3 cxd4 4. Nxd4 e5 5. Nb3 d5 6. Bg2 Be6 7. O-O Be7 8.
Nc3 O-O 9. e3 Nc6 10. h3 Qd7 11. Kh2 Rfd8 12. Ne2 Rac8 13. c3 Ne8 14. f4 f6 15.
Nd2 Nd6 16. Nf3 Ne4 17. Nd2 Nc5 18. Nf3 b5 19. b3 Qc7 20. Bb2 Ne4 21. Ne1 Qb6
22. Nc2 Bc5 23. Qd3 Be7 24. Rad1 Bf5 25. g4 Bg6 26. f5 Nc5 27. Qd2 Bf7 28. Ng3
Qc7 29. e4 dxe4 30. Qe2 Nd3 31. Ba1 Nf4 32. Qxb5 Nxg2 33. Kxg2 Nd4 34. Nxd4
exd4 35. Rxd4 Bc5 36. Rdd1 e3 37. Ne2 Rd2 38. Rxd2 exd2 39. h4 Rd8 40. Nd4 Bxd4
41. cxd4 d1=Q 0-1

[Event "IM1"]
[Site "?"]
[Date "2017.08.18"]
[Round "8.2"]
[White "Nagy 2472, Gabor"]
[Black "Brhel 2113, Jan"]
[Result "1-0"]
[WhiteElo "2472"]
[BlackElo "2113"]
[PlyCount "83"]
[EventDate "2017.??.??"]

1. d4 e6 2. Nf3 Nf6 3. c4 d5 4. Nc3 Bb4 5. Qa4+ Nc6 6. e3 Ne4 7. Qc2 O-O 8. Bd3
f5 9. O-O Be7 10. a3 Nxc3 11. bxc3 Kh8 12. Rb1 Rb8 13. Rd1 Na5 14. Ne5 dxc4 15.
Nxc4 Nxc4 16. Bxc4 Bd6 17. Qe2 Qe7 18. f4 Bxa3 19. Bd2 a5 20. e4 fxe4 21. Qxe4
Bd6 22. Rb5 c5 23. Bd3 g6 24. Be3 Qc7 25. Rdb1 Bxf4 26. Rxc5 Bxe3+ 27. Qxe3 Qd6
28. Rxa5 Bd7 29. Re5 Rf6 30. h4 Bc6 31. h5 Kg7 32. Re1 Rc8 33. c4 Rd8 34. d5
Bd7 35. c5 Qf8 36. dxe6 Bxe6 37. Rxe6 Rxe6 38. h6+ Kh8 39. Qxe6 Rxd3 40. Qf6+
Kg8 41. Re8 Qxe8 42. Qg7# 1-0

[Event "IM1"]
[Site "?"]
[Date "2017.08.18"]
[Round "8.3"]
[White "Chetverik 2250, Maxim"]
[Black "Chkhaidze 2367, Nikoloz"]
[Result "1/2-1/2"]
[WhiteElo "2250"]
[BlackElo "2367"]
[PlyCount "81"]
[EventDate "2017.??.??"]

1. d4 Nf6 2. c4 e6 3. Nf3 d5 4. g3 dxc4 5. Bg2 Nc6 6. Qa4 Bb4+ 7. Bd2 Nd5 8.
Bxb4 Ndxb4 9. O-O Rb8 10. Nc3 a6 11. Ne5 O-O 12. Nxc6 Nxc6 13. Bxc6 bxc6 14.
Qxc4 Qd6 15. Ne4 Qd5 16. Qc2 e5 17. dxe5 Qxe5 18. Nc3 Bf5 19. e4 Bh3 20. Rfe1
Rfe8 21. Re3 h5 22. Qe2 Re6 23. b3 a5 24. Rc1 Rd6 25. Rd1 Bg4 26. f3 Bh3 27.
Rxd6 cxd6 28. Rd3 Re8 29. f4 Qc5+ 30. Qf2 Qa3 31. Qd4 Bg4 32. Kg2 Qc1 33. Qf2
Re6 34. f5 h4 35. gxh4 Rh6 36. h3 Rxh4 37. Qxh4 Qc2+ 38. Kg1 Qxd3 39. hxg4 Qxc3
40. Qd8+ Kh7 41. Qh4+ 1/2-1/2

[Event "IM1"]
[Site "?"]
[Date "2017.08.18"]
[Round "8.4"]
[White "Karayev 2228, Kanan"]
[Black "Kulkarni 2291, Bhakti"]
[Result "1/2-1/2"]
[WhiteElo "2228"]
[BlackElo "2291"]
[PlyCount "62"]
[EventDate "2017.??.??"]

1. Nf3 d5 2. g3 Nf6 3. Bg2 c6 4. b3 Nbd7 5. Bb2 Qc7 6. d3 e5 7. O-O Bd6 8. Nbd2
O-O 9. e4 d4 10. c3 c5 11. cxd4 cxd4 12. Rc1 Qb8 13. Nc4 Be7 14. Nh4 b5 15. Na5
Qb6 16. Qd2 g6 17. Rc6 Qb8 18. Rfc1 Nb6 19. f4 Ng4 20. Nf3 f6 21. Bh3 Bd7 22.
Rc7 Qe8 23. Nc6 Bd6 24. Rxd7 Qxd7 25. fxe5 Nxe5 26. Ncxe5 Qxh3 27. Nc6 Qd7 28.
Ncxd4 Rac8 29. Nc2 Qg4 30. Kg2 Nd7 31. Ne3 Qh5 1/2-1/2

[Event "IM1"]
[Site "?"]
[Date "2017.08.18"]
[Round "8.5"]
[White "Klima 2332, Lukas"]
[Black "Szotkowski 2374, Jakub"]
[Result "1-0"]
[WhiteElo "2332"]
[BlackElo "2374"]
[PlyCount "89"]
[EventDate "2017.??.??"]

1. e4 c5 2. Nf3 e6 3. b3 a6 4. Bb2 Nc6 5. g3 d5 6. exd5 exd5 7. Bg2 Qe7+ 8. Qe2
Bf5 9. d3 f6 10. Nc3 Nb4 11. Qxe7+ Nxe7 12. O-O-O d4 13. Na4 Rc8 14. a3 Nbd5
15. c4 dxc3 16. Nxc3 Nxc3 17. Bxc3 Kf7 18. Rhe1 Rd8 19. Nh4 Be6 20. Bxb7 g5 21.
Nf3 Bh6 22. Bxa6 g4+ 23. Bd2 Bg7 24. Rxe6 Kxe6 25. Re1+ Kd7 26. Nh4 Rhe8 27.
Re4 h5 28. Be3 Kc6 29. a4 Kb6 30. Bb5 Nc6 31. Bxc5+ Kxc5 32. Rc4+ Kb6 33. Rxc6+
Kb7 34. Nf5 Bf8 35. Rxf6 Re1+ 36. Kc2 Bb4 37. Ba6+ Ka7 38. d4 Rh1 39. Kd3 Rxh2
40. Ne3 Bc5 41. Nc2 Rd6 42. Rf7+ Kxa6 43. Kc4 Bb6 44. Nb4+ Ka5 45. Rf5+ 1-0

[Event "IM2"]
[Site "?"]
[Date "2017.08.18"]
[Round "8.1"]
[White "Burnett 2209, Andrew"]
[Black "Biolek-Sen. 2439, Richard"]
[Result "1-0"]
[WhiteElo "2209"]
[BlackElo "2439"]
[PlyCount "51"]
[EventDate "2017.??.??"]

1. d4 d5 2. c4 Nc6 3. Nf3 Bg4 4. Nc3 Nf6 5. cxd5 Bxf3 6. gxf3 Nxd5 7. e3 e5 8.
Qb3 Nb6 9. dxe5 Nxe5 10. Qb5+ Nbd7 11. f4 c6 12. Qe2 Ng6 13. Qc2 Nh4 14. Be2
Ng2+ 15. Kf1 Nh4 16. Rg1 Be7 17. Rxg7 Nf6 18. Qb3 Qd7 19. Qxf7+ Kd8 20. Bd2
Qh3+ 21. Ke1 Nf5 22. Bg4 Qxg4 23. Rxg4 Rf8 24. Qb3 Nxg4 25. Qxb7 Rc8 26. Nd5
1-0

[Event "IM2"]
[Site "?"]
[Date "2017.08.18"]
[Round "8.2"]
[White "Tymrakiewicz 2188, Rafal"]
[Black "Mammadova 2277, Narmin"]
[Result "1/2-1/2"]
[WhiteElo "2188"]
[BlackElo "2277"]
[PlyCount "31"]
[EventDate "2017.??.??"]

1. d4 d5 2. Bf4 Nf6 3. c3 c5 4. e3 Nc6 5. Nf3 cxd4 6. exd4 g6 7. Bd3 Bg7 8. O-O
O-O 9. Re1 Nh5 10. Be3 Qc7 11. Na3 a6 12. Rc1 b5 13. Nc2 Bd7 14. Nb4 Qd6 15.
Nxc6 Bxc6 16. Ne5 1/2-1/2

[Event "IM2"]
[Site "?"]
[Date "2017.08.18"]
[Round "8.3"]
[White "Jurek 2274, Josef"]
[Black "Leeb 2207, Simon"]
[Result "1/2-1/2"]
[WhiteElo "2274"]
[BlackElo "2207"]
[PlyCount "94"]
[EventDate "2017.??.??"]

1. Nf3 d5 2. g3 Nf6 3. Bg2 Nbd7 4. d4 e6 5. O-O b5 6. a4 b4 7. c4 bxc3 8. bxc3
Ba6 9. Na3 Rc8 10. Qc2 c5 11. Nb5 cxd4 12. Nfxd4 Bc5 13. Nb3 Bxb5 14. axb5 O-O
15. Nxc5 Nxc5 16. Bg5 Qb6 17. Bxf6 gxf6 18. Rfb1 Nd7 19. Qd2 Kg7 20. Rb4 Ne5
21. Rh4 h5 22. Rxh5 Rh8 23. Rxh8 Rxh8 24. e4 dxe4 25. Bxe4 Rc8 26. Qe2 Rxc3 27.
Qh5 Qd4 28. Re1 f5 29. Qg5+ Kf8 30. Qh6+ Ke8 31. Qh8+ Ke7 32. Qh4+ f6 33. Qh7+
Kd6 34. Bg2 Ng4 35. Rf1 Nxf2 36. Bc6 Nh3+ 37. Kh1 Rxc6 38. Qxh3 Rc2 39. Qh5 Qg4
40. Qxg4 fxg4 41. Rxf6 Rc5 42. Rf4 Rg5 43. Kg2 Rg7 44. Rb4 Kc5 45. Re4 Rg6 46.
Ra4 Rg7 47. Re4 Rg6 1/2-1/2

[Event "IM2"]
[Site "?"]
[Date "2017.08.18"]
[Round "8.4"]
[White "Galyas 2486, Miklos"]
[Black "Pranav 2155, Anand"]
[Result "1-0"]
[WhiteElo "2486"]
[BlackElo "2155"]
[PlyCount "55"]
[EventDate "2017.??.??"]

1. c4 e5 2. g3 Nf6 3. Bg2 Nc6 4. Nc3 Bb4 5. Nd5 Bc5 6. e3 O-O 7. Ne2 Re8 8. O-O
a6 9. b3 d6 10. Bb2 Bg4 11. h3 Bxe2 12. Qxe2 Nd7 13. f4 f6 14. fxe5 dxe5 15.
Be4 Nf8 16. Rf2 Nb8 17. Raf1 Nbd7 18. b4 Ba7 19. c5 c6 20. Nc3 Qe7 21. Bc2 Kh8
22. Ne4 Bb8 23. g4 Ne6 24. g5 Nxg5 25. Nxg5 fxg5 26. Rf7 Qe6 27. Qh5 h6 28. Bb3
1-0

[Event "IM2"]
[Site "?"]
[Date "2017.08.18"]
[Round "8.5"]
[White "Olsarova 2283, Karolina"]
[Black "Nitish 2269, Belurkar"]
[Result "1-0"]
[WhiteElo "2283"]
[BlackElo "2269"]
[PlyCount "75"]
[EventDate "2017.??.??"]

1. e4 e5 2. Nf3 Nc6 3. Bc4 Bc5 4. d3 Nf6 5. Bb3 d6 6. c3 a6 7. Nbd2 h6 8. Nf1
Ba7 9. Ng3 O-O 10. O-O Re8 11. h3 Be6 12. Bc2 d5 13. Qe2 Qd7 14. Kh2 Rad8 15.
Nh4 b5 16. Qf3 Ne7 17. a4 b4 18. d4 exd4 19. e5 Ne4 20. Bxh6 Ng6 21. Qh5 gxh6
22. Qxh6 Qe7 23. Bxe4 Qxh4 24. Nh5 Qxh5 25. Qxh5 dxe4 26. f4 exf3 27. Rxf3 Rd5
28. Rf6 Nxe5 29. Qh6 Bc5 30. Re1 Bf8 31. Qg5+ Kh7 32. Qh4+ Kg7 33. Qh6+ Kg8 34.
Qg5+ Kh7 35. Qh4+ Kg7 36. Rxe5 Rxe5 37. Rh6 Bf5 38. Qf6+ 1-0

[Event "Open"]
[Site "?"]
[Date "2017.08.18"]
[Round "8.1"]
[White "Nasanjargal 2419, Urtnasan"]
[Black "Hoerr 2196, Matthias"]
[Result "1-0"]
[WhiteElo "2419"]
[BlackElo "2196"]
[PlyCount "79"]
[EventDate "2017.??.??"]

1. Nf3 c5 2. e4 e6 3. g3 Nc6 4. Bg2 Nf6 5. Qe2 Qc7 6. O-O Be7 7. e5 Ng4 8. Re1
h5 9. h3 Nh6 10. c3 Nf5 11. d3 b6 12. Na3 Bb7 13. Bf4 a6 14. Nc4 b5 15. Ne3 g6
16. a3 d5 17. exd6 Bxd6 18. Nd5 Qd8 19. Bg5 Be7 20. Nxe7 Ncxe7 21. Bf6 Rf8 22.
a4 Qc8 23. c4 b4 24. g4 hxg4 25. hxg4 Nh6 26. Ne5 Bxg2 27. Kxg2 Qb7+ 28. Qe4
Qxe4+ 29. dxe4 Nhg8 30. Bg7 f6 31. Bxf8 Kxf8 32. Nd7+ Kf7 33. Nxc5 Nc6 34. Rad1
Nge7 35. f4 Na5 36. Rh1 Ra7 37. Rd8 g5 38. f5 exf5 39. exf5 Rd7 40. Rh7# 1-0

[Event "Open"]
[Site "?"]
[Date "2017.08.18"]
[Round "8.2"]
[White "Lushnikov 2121, Evgeny"]
[Black "Gombocz 1894, Ferenc Jr"]
[Result "1-0"]
[WhiteElo "2121"]
[BlackElo "1894"]
[PlyCount "63"]
[EventDate "2017.??.??"]

1. e4 e5 2. Nf3 Nf6 3. Nxe5 d6 4. Nf3 Nxe4 5. Nc3 Nxc3 6. dxc3 Be7 7. Be3 Nc6
8. Qd2 Be6 9. O-O-O Qd7 10. Kb1 Bf6 11. h3 O-O-O 12. Bb5 Kb8 13. Bd4 Qe7 14.
Bxc6 bxc6 15. Bxf6 Qxf6 16. Nd4 Bd7 17. Rhe1 c5 18. Nb3 Bc6 19. f3 Rhe8 20. Na5
Bb7 21. Qd3 Rxe1 22. Rxe1 Qh4 23. Re2 Ba8 24. Qb5+ Kc8 25. a4 f5 26. Nc6 Bxc6
27. Qxc6 a5 28. Qa6+ Kd7 29. Qb5+ Kc8 30. Qxa5 Kd7 31. Qb5+ Kc8 32. a5 1-0

[Event "Open"]
[Site "?"]
[Date "2017.08.18"]
[Round "8.3"]
[White "Kula 2153, Dominik"]
[Black "Houska 2202, Jiri"]
[Result "0-1"]
[WhiteElo "2153"]
[BlackElo "2202"]
[PlyCount "40"]
[EventDate "2017.??.??"]

1. e4 c5 2. Nf3 d6 3. d4 cxd4 4. Nxd4 Nf6 5. Nc3 g6 6. Be2 Bg7 7. O-O O-O 8.
Bg5 Nc6 9. Nb3 Be6 10. f4 Na5 11. f5 Bc4 12. Re1 Rc8 13. Bf3 Nc6 14. g3 Ne5 15.
Bg2 Nfg4 16. Nd5 Bxd5 17. exd5 Qb6+ 18. Nd4 Rxc2 19. Re4 Rxb2 20. Rf4 Rxg2+ 0-1

[Event "Open"]
[Site "?"]
[Date "2017.08.18"]
[Round "8.4"]
[White "Zdrazil 2078, Tomas"]
[Black "Mitchell 2228, Martin"]
[Result "0-1"]
[WhiteElo "2078"]
[BlackElo "2228"]
[PlyCount "84"]
[EventDate "2017.??.??"]

1. e4 d6 2. d4 Nf6 3. Nc3 g6 4. Be3 c6 5. h3 Nbd7 6. f4 b5 7. a3 Nb6 8. Nf3 Bb7
9. Bd3 a6 10. Qe2 Qc7 11. Qf2 Nfd7 12. f5 Bg7 13. fxg6 hxg6 14. Ng5 Bf6 15.
O-O-O c5 16. dxc5 dxc5 17. Rhe1 b4 18. axb4 cxb4 19. Nd5 Nxd5 20. exd5 Qe5 21.
Ne4 Qxb2+ 22. Kd2 O-O 23. Rb1 Qe5 24. Rxb4 Qxd5 25. c4 Qa5 26. Nxf6+ Nxf6 27.
Reb1 Rad8 28. Bb6 Ne4+ 29. Ke2 Qa2+ 30. R4b2 Qxb2+ 31. Rxb2 Nxf2 32. Bxf2 Bxg2
33. h4 Bf1+ 34. Kxf1 Rxd3 35. Ke2 Rc3 36. c5 Rc8 37. Rb6 R3xc5 38. Bxc5 Rxc5
39. Rxa6 Rc4 40. h5 gxh5 41. Ra5 h4 42. Rg5+ Kf8 0-1

[Event "Open"]
[Site "?"]
[Date "2017.08.18"]
[Round "8.5"]
[White "Wiegers 1878, Kasper"]
[Black "Kusenkova 2088, Natallia"]
[Result "0-1"]
[WhiteElo "1878"]
[BlackElo "2088"]
[PlyCount "100"]
[EventDate "2017.??.??"]

1. e4 e5 2. d4 exd4 3. Nf3 Nc6 4. Bc4 Nf6 5. e5 d5 6. Bb5 Ne4 7. Nxd4 Bd7 8.
Bxc6 bxc6 9. O-O Bc5 10. Be3 O-O 11. f3 Ng5 12. f4 Ne4 13. Nd2 Nxd2 14. Qxd2
Bb6 15. Kh1 c5 16. Nf3 d4 17. Bf2 Bg4 18. a4 a5 19. Ra3 Qd5 20. Nh4 f6 21. Rg3
Bd7 22. Re1 Rae8 23. Nf3 Bxa4 24. exf6 Rxe1+ 25. Qxe1 Rxf6 26. Rg5 Qd6 27. f5
h6 28. Bg3 Qd5 29. Rg6 Qxf5 30. Rxf6 Qxf6 31. Be5 Qf7 32. b3 Bc6 33. Nd2 Bd5
34. Qg3 c6 35. Bd6 Kh7 36. h3 Qg6 37. Qxg6+ Kxg6 38. Kg1 d3 39. c4 Bg8 40. Kf2
Kf5 41. Ke3 Bh7 42. Bf8 Kf6 43. Bd6 g5 44. Nf3 Ke6 45. Be5 Bd8 46. g4 d2 47.
Kxd2 Be4 48. Ke3 Bxf3 49. Kxf3 Kxe5 50. Ke3 Bf6 0-1

[Event "Open"]
[Site "?"]
[Date "2017.08.18"]
[Round "8.6"]
[White "Valenta 2086, Vit"]
[Black "Zdrazil 1892, Jan"]
[Result "0-1"]
[WhiteElo "2086"]
[BlackElo "1892"]
[PlyCount "58"]
[EventDate "2017.??.??"]

1. b4 e5 2. Bb2 Bxb4 3. Bxe5 Nf6 4. Nf3 d5 5. g3 O-O 6. Bg2 c5 7. O-O Nc6 8.
Bb2 Bg4 9. d3 Re8 10. Nbd2 Qe7 11. Re1 Rad8 12. Rb1 Qe6 13. Ba1 d4 14. a3 Bxa3
15. Rxb7 Bb4 16. Ng5 Qc8 17. Bxc6 Qxc6 18. Rxa7 Nd5 19. h3 Bh5 20. g4 Qh6 21.
Ngf3 Bg6 22. Kh2 Nf4 23. h4 f5 24. g5 Qh5 25. e3 Bxd2 26. Rg1 dxe3 27. fxe3
Rxe3 28. Rxg7+ Kf8 29. Rxg6 Qxh4+ 0-1

[Event "Open"]
[Site "?"]
[Date "2017.08.18"]
[Round "8.7"]
[White "Zaehringer 2015, Daniel"]
[Black "Kalinowska 1896, Zuzanna"]
[Result "1-0"]
[WhiteElo "2015"]
[BlackElo "1896"]
[PlyCount "79"]
[EventDate "2017.??.??"]

1. d4 Nf6 2. Bg5 e6 3. e4 h6 4. Bxf6 Qxf6 5. c3 d6 6. Bd3 Nd7 7. Ne2 e5 8. O-O
g6 9. f4 exd4 10. cxd4 Bg7 11. Nbc3 c6 12. e5 Qe7 13. Ne4 dxe5 14. fxe5 O-O 15.
Nf4 c5 16. Nd5 Qd8 17. dxc5 Nxe5 18. Bc2 Bf5 19. Rxf5 gxf5 20. Nd6 f4 21. Nxf4
Qg5 22. Nd5 Ng4 23. Qd3 f5 24. Rf1 Be5 25. h3 Nh2 26. Re1 Ng4 27. hxg4 Bh2+ 28.
Kxh2 Qh4+ 29. Qh3 Qxe1 30. gxf5 Qe5+ 31. Qg3+ Qxg3+ 32. Kxg3 Rad8 33. f6 Rxd6
34. cxd6 Rd8 35. Kf4 Rxd6 36. Ke5 Ra6 37. Bb3 Kf8 38. Nc7 Rc6 39. Ne6+ Ke8 40.
f7+ 1-0

[Event "Open"]
[Site "?"]
[Date "2017.08.18"]
[Round "8.8"]
[White "Dolansky 2024, Lukas"]
[Black "Stigar 2236, Petter"]
[Result "1/2-1/2"]
[WhiteElo "2024"]
[BlackElo "2236"]
[PlyCount "52"]
[EventDate "2017.??.??"]

1. Nf3 d5 2. g3 c6 3. Bg2 Bg4 4. O-O Nd7 5. d3 e6 6. h3 Bh5 7. c4 Ngf6 8. b3
Bd6 9. Bb2 O-O 10. Qc2 Re8 11. e4 dxe4 12. dxe4 e5 13. Nh4 Bg6 14. Nxg6 hxg6
15. Rd1 Qc7 16. Nc3 Rad8 17. a3 a5 18. Na4 Nc5 19. b4 Nxa4 20. Qxa4 axb4 21.
axb4 Bf8 22. Bc3 Nd7 23. Qc2 Be7 24. Qb2 Bf6 25. Bf1 Nf8 26. b5 cxb5 1/2-1/2